| 000 | 01160nam a2200265Ia 4500 | ||
|---|---|---|---|
| 003 | IN-BaIIA | ||
| 008 | 211028s9999 xx 000 0 eng d | ||
| 020 | _a3-540-50438-9 | ||
| 040 | _cIIA Library | ||
| 080 |
_a524.6(082.2) _bMOL |
||
| 111 |
_aSymposium on Molecular Clouds in the Milky Way and External Galaxies _cUniversity of Massachusetts, Amherst, US _d1987 Nov. 2-4 _916348 |
||
| 245 | 0 |
_aMolecular clouds in the milky way and external galaxies _bproceedings of a symposium on molecular clouds in the milky way and external galaxies, held in University of Massachusetts, Amherst, US, November 2-4,1987 _cedited by R. L. Dickman, R. L. Snell and J. S. Young |
|
| 260 |
_aBerlin _bSpringer-Verlag _c1988 |
||
| 300 | _axvi, 475p. | ||
| 490 | _aLecture notes in physics; v. 315 | ||
| 650 | _aAstronomy and astrophysics thesaurus | ||
| 650 |
_aExtragalactic system _95594 |
||
| 650 |
_aGalaxies _91286 |
||
| 650 |
_aMilky way _96712 |
||
| 650 |
_aMolecular clouds _911776 |
||
| 700 |
_aDickman, R. L., ed. _916349 |
||
| 700 |
_aSnell, R. L., ed. _916350 |
||
| 700 |
_aYoung, J. S., ed. _916351 |
||
| 942 | _cBK | ||
| 999 |
_c9683 _d9683 |
||